[Event "79th ARM-ch 1st League 2018"]
[Site "Yerevan"]
[Date "2018.08.15"]
[Round "7"]
[White "Hayrapetyan, Hovik"]
[Black "Mikaelyan, Arman"]
[Result "1/2-1/2"]
[WhiteElo "2439"]
[BlackElo "2496"]
[Annotator "ChessBase"]
[PlyCount "135"]
[EventDate "2018.08.09"]
[EventType "tourn"]
[EventCountry "ARM"]
[SourceTitle "playchess.com"]
[Source "ChessBase"]
[SourceQuality "1"]
[TimeControl "40/5400+30:1800+30"]

1. Nf3 {[%emt 0:00:00]} Nf6 {[%emt 0:00:00]} 2. c4 {[%emt 0:00:33]} e6 {[%emt 0:00:00]} 3. d4 {[%emt 0:00:07]} Bb4+ {[%emt 0:00:00]} 4. Bd2 {[%emt 0:00:26]} Qe7 {[%emt 0:00:07]} 5. Nc3 {[%emt 0:00:26]} O-O {[%emt 0:04:26]} 6. e3 {[%emt 0:00:20]} d6 {[%emt 0:03:54]} 7. a3 {[%emt 0:02:36]} Bxc3 {[%emt 0:00:09]} 8. Bxc3 {[%emt 0:00:02]} Ne4 {[%emt 0:00:12]} 9. Qc2 {[%emt 0:00:38]} Nxc3 {[%emt 0:06:56]} 10. Qxc3 {[%emt 0:00:08]} Nd7 {[%emt 0:00:04]} 11. Be2 {[%emt 0:00:18]} b6 {[%emt 0:00:20]} 12. O-O {[%emt 0:01:07]} Bb7 {[%emt 0:00:04]} 13. Rfd1 {[%emt 0:00:35]} f5 {[%emt 0:00:57]} 14. b4 {[%emt 0:01:33]} Nf6 {[%emt 0:03:57]} 15. c5 {[%emt 0:04:12]} Ne4 {[%emt 0:00:42]} 16. Qc2 {[%emt 0:00:29]} bxc5 {[%emt 0:07:05]} 17. dxc5 {[%emt 0:00:38]} dxc5 {[%emt 0:00:40]} 18. bxc5 {[%emt 0:02:22]} Bd5 {[%emt 0:00:03]} 19. Nd4 {[%emt 0:03:29]} Rad8 {[%emt 0:21:03]} 20. Rac1 {[%emt 0:03:01]} Kh8 {[%emt 0:03:42]} 21. f3 {[%emt 0:18:56]} Qg5 {[%emt 0:04:24]} 22. Rd3 {[%emt 0:07:10]} Nf6 {[%emt 0:00:38]} 23. Qd2 {[%emt 0:01:02]} Rb8 {[%emt 0:01:45]} 24. Qa5 {[%emt 0:08:19]} e5 {[%emt 0:03:01]} 25. Nc2 {[%emt 0:10:53]} Bxf3 {[%emt 0:07:32]} 26. Bxf3 {[%emt 0:00:43]} e4 {[%emt 0:00:04]} 27. Bxe4 {[%emt 0:00:35]} fxe4 {[%emt 0:01:58]} 28. Rd2 {[%emt 0:00:04]} Qe5 {[%emt 0:13:07]} 29. h3 {[%emt 0:00:01]} Nh5 {[%emt 0:09:10]} 30. Rcd1 {[%emt 0:01:54]} Ng3 {[%emt 0:01:17]} 31. Nd4 {[%emt 0:10:18]} Rbe8 {[%emt 0:00:53]} 32. Qc3 {[%emt 0:06:08]} h5 {[%emt 0:00:29]} 33. Qc2 {[%emt 0:02:43]} Rf6 {[%emt 0:00:43]} 34. Ne2 {[%emt 0:01:54]} h4 {[%emt 0:02:35]} 35. Nf4 {[%emt 0:00:49]} c6 {[%emt 0:01:02]} 36. Rd8 {[%emt 0:05:36]} Kh7 {[%emt 0:00:08]} 37. Rxe8 {[%emt 0:07:04]} Qxe8 {[%emt 0:00:04]} 38. Ne2 {[%emt 0:00:06]} Nf5 {[%emt 0:01:55]} 39. Qc3 {[%emt 0:00:34]} Qh5 {[%emt 0:00:31]} 40. Re1 {[%emt 0:00:00]} Qg5 {[%emt 0:00:00]} 41. Nf4 {[%emt 0:03:39]} Ng3 {[%emt 0:10:12]} 42. Qc4 {[%emt 0:06:48]} Qe5 {[%emt 0:02:24]} 43. Rd1 {[%emt 0:04:14]} Rf8 {[%emt 0:01:07]} 44. Kh2 {[%emt 0:03:17]} Nf5 {[%emt 0:05:53]} 45. Qe6 {[%emt 0:00:54]} Qxe6 {[%emt 0:00:18]} 46. Nxe6 {[%emt 0:00:04]} Re8 {[%emt 0:00:09]} 47. Nd4 {[%emt 0:07:01]} Rd8 {[%emt 0:01:16]} 48. Rb1 {[%emt 0:00:56]} Nxd4 {[%emt 0:00:15]} 49. exd4 {[%emt 0:00:01]} Rxd4 {[%emt 0:00:36]} 50. Rb7 {[%emt 0:00:14]} Ra4 {[%emt 0:02:11]} 51. Rc7 {[%emt 0:03:59]} e3 {[%emt 0:00:43]} 52. Kg1 {[%emt 0:00:01]} Rxa3 {[%emt 0:09:19]} 53. Kf1 {[%emt 0:00:05]} Ra2 {[%emt 0:00:35]} 54. Rxc6 {[%emt 0:00:07]} Rf2+ {[%emt 0:00:07]} 55. Kg1 {[%emt 0:01:20]} Rf5 {[%emt 0:00:51]} 56. Re6 {[%emt 0:00:09]} Rxc5 {[%emt 0:00:04]} 57. Rxe3 {[%emt 0:00:03]} a5 {[%emt 0:00:42]} 58. Re4 {[%emt 0:02:18]} g5 {[%emt 0:00:03]} 59. g3 {[%emt 0:00:27]} Rc1+ {[%emt 0:02:18]} 60. Kg2 {[%emt 0:00:18]} Rc2+ {[%emt 0:00:04]} 61. Kg1 {[%emt 0:00:10]} hxg3 {[%emt 0:00:18]} 62. Ra4 {[%emt 0:00:06]} Rc5 {[%emt 0:00:14]} 63. Kg2 {[%emt 0:00:05]} Kg6 {[%emt 0:01:31]} 64. Kxg3 {[%emt 0:00:05]} Kf5 {[%emt 0:00:02]} 65. h4 {[%emt 0:00:42]} gxh4+ {[%emt 0:00:05]} 66. Rxh4 {[%emt 0:00:04]} Ke6 {[%emt 0:03:48]} 67. Kf3 {[%emt 0:00:32]} Re5 {[%emt 0:00:05]} 68. Re4 {[%emt 0:00:22]} 1/2-1/2

[Event "79th ARM-ch 1st League 2018"]
[Site "Yerevan"]
[Date "2018.08.15"]
[Round "7"]
[White "Hayrapetyan, Artavazd R"]
[Black "Harutyunian, Tigran K"]
[Result "1/2-1/2"]
[WhiteElo "2371"]
[BlackElo "2504"]
[Annotator "TA"]
[PlyCount "141"]
[EventDate "2018.08.09"]
[EventType "tourn"]
[EventCountry "ARM"]
[SourceTitle "playchess.com"]
[Source "ChessBase"]
[SourceQuality "1"]

{[%evp 26,141,-16,-14,-16,-13,37,20,12,15,29,16,20,0,0,-10,0,0,0,-19,6,-47,-45,-45,-51,-37,-37,-39,-37,-40,-33,-37,-40,-43,-35,-32,-18,-75,-72,-87,-22,-78,-66,-70,-72,-81,-60,-70,-49,-51,-35,-43,-22,-25,-19,-23,0,-9,0,0,0,0,0,0,46,49,52,-33,0,0,37,37,29,33,36,36,36,29,31,29,33,28,23,13,28,24,59,76,97,97,97,97,97,97,97,83,78,0,0,2,8,0,0,0,0,0,0,0,0,0,0,0,0,0,0,0,0,-17]} 1. d4 Nf6 2. c4 e6 3. Nc3 Bb4 4. e3 O-O 5. Bd3 d5 6. Nf3 dxc4 7. Bxc4 c5 8. O-O cxd4 9. exd4 b6 10. Qe2 Bb7 11. Bg5 Nbd7 12. Rfd1 Bxc3 13. bxc3 Qc7 14. Nd2 {[%cal Bf3d2,Bd2c4,Bc4e3][%mdl 32] LiveBook: 3 Games. E55: Nimzo-Indian: Rubinstein: Main Line: 7...dxc4 8 Bxc4 Nbd7} h6 (14... Nd5 15. Qg4 N7f6 16. Qh4 h6 17. Bxf6 Nxf6 18. Re1 b5 19. Bxb5 Qxc3 20. Nb3 Bd5 21. Nc5 Rab8 {0-1 (45) Fedoseev,V (2662)-Movsesian,S (2672) Dubai 2014}) 15. Bh4 $146 ({Predecessor:} 15. Be3 Rac8 16. Rac1 Nd5 17. Bxd5 exd5 18. Re1 Nf6 19. Qf3 Rfe8 20. h3 Ba6 21. Nb1 Ne4 {0-1 (37) Schrimpl,M-Priebe,R GER email 2008}) 15... b5 16. Bxb5 {Black should prevent Bg3.White is slightly better.} Qxc3 17. Nc4 Bd5 $1 18. Ne3 Bc6 19. Ba6 Ba4 $36 {[%mdl 2048] Black has some pressure.} 20. Qd3 Qa5 21. Rdb1 Rad8 {[%cal Ba8d8,Bd8d4,Bd4a4][%mdl 32]} 22. Qe2 Qc3 23. Qc4 (23. Qb2 $11 Qxb2 24. Rxb2) 23... Qxc4 $15 24. Bxc4 Nb6 $1 25. Ba6 Rxd4 26. Bg3 $1 Bc6 27. Rc1 Ra4 28. Be2 Rc8 29. Bd1 Ra5 30. f3 Nfd5 31. Be1 (31. Nxd5 $11 Nxd5 32. Bb3) 31... Ra3 $17 32. Nxd5 Nxd5 ({But not} 32... exd5 $6 33. Bb3 $11) (32... Bxd5 $17 33. Rxc8+ Nxc8) 33. Rc4 (33. Bb3 $11 {keeps the balance.}) 33... Nb6 34. Rc2 Bd5 35. Rb2 Nc4 36. Rb3 g5 37. Be2 {[#] Threatens to win with Bxc4.} Ra4 38. Rc3 Rb8 39. Rac1 {[%cal Re2c4]} Nd6 40. a3 Rb2 41. Bd3 Rb6 42. Bg3 Bb7 43. Bf2 Rb2 44. Bc5 Nb5 45. R3c2 Rxc2 46. Rxc2 (46. Bxc2 $14 Ra5 47. Bd3) 46... Nd4 47. Rb2 Bd5 48. Rb4 Rxb4 49. axb4 $14 {[%cal Ba3b4,Bb4b5][%mdl 4128] Endgame KBB-KBN} Nc6 50. b5 Ne5 51. Bf1 f5 52. Bxa7 Kf7 53. Kf2 Nd7 54. Ke3 Ke7 55. f4 Kd6 56. g3 g4 57. Bd4 h5 58. Kd2 Nc5 59. Be5+ Kd7 60. Kc3 Ne4+ 61. Kb4 (61. Kd3 $16) 61... Nd2 $11 {The position is equal.} 62. Be2 Nf3 63. Kc5 Nxh2 64. b6 {[#] Bb5+ is the strong threat.} Nf3 65. Bf6 {White threatens Bb5+ and mate.} Nd2 66. Bb5+ Kc8 {aiming for ...Ne4+.} 67. Ba6+ Bb7 68. Bd3 Ne4+ 69. Bxe4 $1 Bxe4 70. Kd4 Kb7 71. Bd8 {Precision: White = 59%, Black = 59%.} 1/2-1/2

[Event "79th ARM-ch 1st League 2018"]
[Site "Yerevan"]
[Date "2018.08.15"]
[Round "7"]
[White "Mkrtchyan, Sargis R"]
[Black "Martirosyan, Garik"]
[Result "1-0"]
[WhiteElo "2239"]
[BlackElo "2145"]
[Annotator "TA"]
[PlyCount "37"]
[EventDate "2018.08.09"]
[EventType "tourn"]
[EventCountry "ARM"]
[SourceTitle "playchess.com"]
[Source "ChessBase"]
[SourceQuality "1"]

{[%evp 18,37,43,42,42,47,55,64,66,76,99,89,245,68,159,142,466,475,1310,1292,2883,99]} 1. d4 Nf6 2. c4 e6 3. Nf3 b6 4. g3 Ba6 5. Qc2 Bb4+ 6. Bd2 {E15: Damenindisch (Hauptfortsetzung, Abweichungen)} Be7 7. e4 d5 8. cxd5 Bxf1 9. Kxf1 exd5 10. e5 {LiveBook: 135 Partien} Ne4 11. Kg2 (11. Nc3 Nxd2+ 12. Qxd2 Qd7 13. Kg2 Nc6 {½-½ (47) Lenic,L (2662)-Esipenko,A (2581) Batumi 2018}) 11... O-O 12. Nc3 Nxc3 13. bxc3 c5 {[#]} 14. h4 $146 {[%cal Bh2h4,Bh4g5][%mdl 32]} h6 $2 (14... f5 $16 {war nötig.}) 15. e6 $2 (15. Ng5 $18 hxg5 16. hxg5) 15... f5 ({Lieber} 15... Qe8 $14) 16. Ne5 $16 {Droht Sf7 und aus.} Rf6 $2 {[%mdl 8192] [#]} (16... Qd6 $16) 17. Bg5 $1 $18 {[%mdl 512] Weiß steht klar auf Gewinn.} hxg5 (17... Rxe6 $142 18. Qxf5 Rf6 19. Bxf6 Bxf6) 18. hxg5 {jetzt Dxf5! und aus.} Rxe6 19. Rh8+ $2 {Precision: Weiß = 50%, Schwarz =  4%.} (19. Qxf5 $18 {[%csl Ge5][%cal Rf5f7]} Rxe5 20. dxe5) 1-0

[Event "79th ARM-ch 1st League 2018"]
[Site "Yerevan"]
[Date "2018.08.15"]
[Round "7"]
[White "Hoghmrtsyan, Artur"]
[Black "Hakobyan, Aram"]
[Result "0-1"]
[WhiteElo "2157"]
[BlackElo "2545"]
[Annotator "TA"]
[PlyCount "76"]
[EventDate "2018.08.09"]
[EventType "tourn"]
[EventCountry "ARM"]
[SourceTitle "playchess.com"]
[Source "ChessBase"]
[SourceQuality "1"]

{[%evp 14,76,0,8,18,19,24,16,27,28,30,6,24,9,22,9,8,0,17,-18,0,9,23,22,23,20,19,0,0,0,0,0,0,0,0,0,0,-27,0,-53,0,0,0,0,0,-326,-302,-375,-371,-564,-513,-561,-24,-564,-566,-566,-566,-566,-560,-559,-560,-543,-544,-748,-718]} 1. d4 {Morgado,Juan Sebastian} Nf6 2. c4 e6 3. Nf3 d5 4. g3 Bb4+ 5. Bd2 Be7 6. Bg2 {E11: Bogo-Indian} Nbd7 (6... O-O 7. O-O Nbd7 8. b4 c6 9. a4 Bd6 10. Qc2 e5 11. cxd5 cxd5 12. dxe5 Nxe5 13. Bc3 Re8 14. Nbd2 Nxf3+ 15. Bxf3 Bh3 {½-½ (58) So,W (2778)-Karjakin,S (2782) Stavanger 2018}) 7. Qc2 O-O 8. O-O {LiveBook: 542 Games. The position is equal.} h6 9. Rd1 c6 10. Be1 $146 ({Predecessor:} 10. Nc3 dxc4 11. Ne4 Nxe4 12. Qxe4 Re8 13. Qc2 b5 14. a4 Bb7 15. axb5 cxb5 16. Ng5 Bxg5 17. Bxb7 Rb8 18. Ba5 Qe7 19. Bg2 Bf6 20. e3 {½-½ (22) Vinchev,S (2436)-Pessoa,F (2547) ICCF email 2013 Telechess CBM 159 [Morgado,Juan Sebastian]}) 10... Ne4 11. Nc3 f5 12. Rab1 a5 13. a3 Bf6 14. e3 Qe8 15. Ne2 g5 16. Nd2 Nb6 17. c5 Nd7 18. b4 axb4 19. axb4 {[%cal Ba3b4,Bb4b5][%mdl 32]} e5 20. Nb3 {Black must now prevent f3.} Bg7 21. b5 f4 {And now ...f3 would win.} 22. f3 Nef6 {[%cal Be4f6,Bf6h7,Bh7g5,Bg5h3,Bh3f2][%mdl 32]} 23. exf4 exf4 24. gxf4 gxf4 25. Qd3 Nh7 26. Bd2 (26. Ra1 $11 Rxa1 27. Rxa1) 26... Nxc5 (26... Nb6 $15 27. Nxf4 Bf5) 27. Nxc5 $11 {Strongly threatening bxc6.} Bf5 28. Ne4 $1 Ng5 {Hoping for ...Nxf3+!} 29. N2c3 $2 {[%mdl 8192]} ({Of course not} 29. Nxf4 dxe4 30. fxe4 Bxe4 $15) (29. Qb3 $11) 29... Qg6 $19 30. Rf1 dxe4 31. fxe4 (31. Nxe4 $142 Ra2 32. bxc6 Bxe4 33. fxe4) 31... Bh3 32. Bxh3 Nxh3+ 33. Kh1 {[#]} f3 $1 {[%mdl 512] Black is clearly winning.} 34. Rxf3 Nf2+ 35. Rxf2 Rxf2 {[%csl Gf2][%cal Rg6g2]} 36. Rg1 {[#]} Ra1 $1 {[%csl Gg6][%cal Ra1g1][%mdl 512]} 37. Nb1 (37. Rxa1 Qg2#) 37... Qd6 {[%csl Gd6][%cal Rf2h2]} 38. Qb3+ Kh8 {Precision: White = 51%, Black = 62%.} 0-1

[Event "79th ARM-ch 1st League 2018"]
[Site "Yerevan"]
[Date "2018.08.15"]
[Round "7"]
[White "Sargsyan, Tigran R"]
[Black "Gharibyan, Mamikon"]
[Result "0-1"]
[WhiteElo "2136"]
[BlackElo "2341"]
[Annotator "NA"]
[PlyCount "108"]
[EventDate "2018.08.09"]
[EventType "tourn"]
[EventCountry "ARM"]
[SourceTitle "playchess.com"]
[Source "ChessBase"]
[SourceQuality "1"]
[TimeControl "40/5400+30:1800+30"]

1. d4 {[%emt 0:00:00]} Nf6 {[%emt 0:00:00]} 2. c4 {[%emt 0:00:00]} e6 {[%emt 0:00:00]} 3. Nf3 {[%emt 0:00:09]} b6 {[%emt 0:00:05]} 4. g3 {[%emt 0:00:55]} Ba6 {[%emt 0:00:47]} 5. b3 {[%emt 0:00:23]} Bb4+ {[%emt 0:00:13]} 6. Bd2 {[%emt 0:00:08]} Be7 {[%emt 0:00:05]} 7. Nc3 {[%emt 0:00:47]} d5 {[%emt 0:00:21]} 8. cxd5 {[%emt 0:00:14]} exd5 {[%emt 0:00:07]} 9. Bg2 {[%emt 0:00:05]} O-O {[%emt 0:00:46]} 10. O-O {[%emt 0:00:07]} Re8 {[%emt 0:00:57]} 11. Qc2 {[%emt 0:02:58] E15: Queen's Indian: 4 g3 sidelines, 4 g3 Ba6 and 4 g3 Bb7 early deviations} Nbd7 {[%emt 0:04:47]} (11... c5 12. Rfd1 Nc6 13. Be3 Rc8 14. Qf5 g6 15. Qf4 cxd4 16. Nxd4 Bd6 17. Nxc6 Rxc6 18. Qa4 Rxc3 19. Qxa6 Rcxe3 20. fxe3 {1-0 (55) Ivanchuk,V (2729)-Karjakin,S (2760) Medias 2017}) 12. Rfd1 {[%emt 0:06:47] LiveBook: 3 Partien} Rc8 {[%emt 0:10:47]} 13. Ne5 $146 {[%emt 0:09:07]} ({Predecessor:} 13. Qb2 Bd6 14. Bg5 h6 15. Bxf6 Nxf6 16. e3 Qe7 17. a3 c6 18. b4 {½-½ (60) Goganov,A (2627)-Meribanov,V (2400) Riga 2016}) 13... c5 {[%emt 0:06:47]} 14. Nxd5 {[%emt 0:34:02]} Bxe2 {[%emt 0:19:38]} 15. Re1 {[%emt 0:04:48]} cxd4 {[%emt 0:05:05]} 16. Nc6 {[%emt 0:01:51]} Ba3 {[%emt 0:14:47]} 17. Bb4 {[%emt 0:11:33]} Nxd5 {[%emt 0:16:06]} 18. Bxd5 {[%emt 0:00:44]} Rxc6 {[%emt 0:08:08]} 19. Bxc6 {[%emt 0:00:59]} d3 {[%emt 0:01:15]} 20. Qc3 {[%emt 0:03:39]} Bxb4 {[%emt 0:00:31]} 21. Qxb4 {[%emt 0:00:14]} Ne5 {[%emt 0:00:16]} 22. Bg2 {[%emt 0:08:54] [#]} (22. Bxe8 $11 Nf3+ 23. Kg2) 22... h5 $1 {[%emt 0:04:40]} ({Much worse is} 22... d2 $6 23. Red1 $11) 23. Qb5 {[%emt 0:04:28] [#]} (23. a3 $17 {kämpft weiter.}) 23... Ng4 $1 {[%emt 0:02:54]} 24. Bf1 {[%emt 0:04:58]} Re5 {[%emt 0:00:15]} 25. Qc4 {[%emt 0:00:58]} Rc5 {[%emt 0:01:59]} 26. Qf4 {[%emt 0:00:55]} g5 {[%emt 0:00:15]} 27. Qe4 {[%emt 0:01:45]} Re5 {[%emt 0:00:53]} 28. Qg2 {[%emt 0:01:00]} Qd4 {[%emt 0:00:12]} 29. h3 {[%emt 0:01:03]} d2 {[%emt 0:00:52]} 30. hxg4 {[%emt 0:00:43]} dxe1=Q {[%emt 0:00:11]} 31. Rxe1 {[%emt 0:00:35] [#]} Bf3 $1 {[%emt 0:00:14]} 32. Qxf3 {[%emt 0:00:19]} (32. Rxe5 $17 Bxg2 33. Rxg5+ Kf8 34. Kxg2) 32... Rxe1 {[%emt 0:00:02]} 33. gxh5 {[%emt 0:00:42]} Qd1 {[%emt 0:01:23]} 34. Qxd1 Rxd1 35. Kg2 g4 36. Bc4 Kg7 37. h6+ Kxh6 38. Bxf7 {[#]} b5 $1 39. Be6 Kg5 40. f4+ gxf3+ 41. Kxf3 {[%emt 0:04:43]} b4 {[%emt 0:06:04]} 42. Ke2 {[%emt 0:05:40]} Ra1 {[%emt 0:01:20]} 43. Kd3 {[%emt 0:00:42]} Rxa2 {[%emt 0:00:14]} 44. Kc4 {[%emt 0:00:26]} a5 {[%emt 0:00:18]} 45. Kb5 {[%emt 0:01:47]} Kf6 $19 {[%emt 0:01:24]} 46. Bd7 {[%emt 0:04:48]} Ke5 {[%emt 0:00:50]} 47. g4 {[%emt 0:01:47]} Kd4 {[%emt 0:00:51]} 48. Be8 {[%emt 0:07:12]} Kc3 {[%emt 0:01:10]} 49. Bf7 {[%emt 0:01:03]} Rg2 {[%emt 0:00:28]} 50. Be6 {[%emt 0:00:40]} Re2 {[%emt 0:00:25]} 51. Bf7 {[%emt 0:03:52]} Re4 {[%emt 0:00:35]} 52. g5 {[%emt 0:01:16]} Re5+ {[%emt 0:00:08]} 53. Ka4 {[%emt 0:00:05]} Rxg5 {[%emt 0:00:07]} 54. Bd5 {[%emt 0:00:16]} Rg1 {[%emt 0:00:26]} 0-1

[Event "79th ARM-ch 1st League 2018"]
[Site "Yerevan"]
[Date "2018.08.17"]
[Round "8"]
[White "Hakobyan, Aram"]
[Black "Sargsyan, Tigran R"]
[Result "1/2-1/2"]
[WhiteElo "2545"]
[BlackElo "2136"]
[Annotator "ChessBase"]
[PlyCount "117"]
[EventDate "2018.08.09"]
[EventType "tourn"]
[EventCountry "ARM"]
[SourceTitle "playchess.com"]
[Source "ChessBase"]
[SourceQuality "1"]
[TimeControl "40/5400+30:1800+30"]

1. c4 {[%emt 0:01:06]} c6 {[%emt 0:00:00]} 2. Nf3 {[%emt 0:01:07]} d5 {[%emt 0:00:11]} 3. e3 {[%emt 0:00:51]} Bf5 {[%emt 0:01:29]} 4. Qb3 {[%emt 0:01:19]} Qc8 {[%emt 0:02:06]} 5. cxd5 {[%emt 0:04:13]} cxd5 {[%emt 0:00:09]} 6. Nc3 {[%emt 0:00:07]} e6 {[%emt 0:00:22]} 7. g4 {[%emt 0:06:14]} Bg6 {[%emt 0:05:14]} 8. h4 {[%emt 0:00:12]} Nc6 {[%emt 0:20:20]} 9. Qa4 {[%emt 0:15:37]} h5 {[%emt 0:12:10]} 10. Ne5 {[%emt 0:04:37]} Bh7 {[%emt 0:10:36]} 11. g5 {[%emt 0:16:01]} Bd6 {[%emt 0:03:07]} 12. Nxc6 {[%emt 0:01:31]} bxc6 {[%emt 0:00:08]} 13. b3 {[%emt 0:01:12]} Ne7 {[%emt 0:02:07]} 14. Ba3 {[%emt 0:01:25]} Qd7 {[%emt 0:02:30]} 15. Rc1 {[%emt 0:03:26]} O-O {[%emt 0:03:39]} 16. Ne2 {[%emt 0:00:14]} Be4 {[%emt 0:01:57]} 17. Rh3 {[%emt 0:05:27]} Bf5 {[%emt 0:04:29]} 18. Bxd6 {[%emt 0:01:42]} Qxd6 {[%emt 0:00:36]} 19. Rg3 {[%emt 0:00:23]} Bg4 {[%emt 0:10:22]} 20. f3 {[%emt 0:09:40]} Nf5 {[%emt 0:04:27]} 21. Rxc6 {[%emt 0:01:53]} Qe5 {[%emt 0:01:08]} 22. Rg1 {[%emt 0:07:50]} Bxf3 {[%emt 0:00:45]} 23. Qf4 {[%emt 0:00:44]} Qxf4 {[%emt 0:00:32]} 24. Nxf4 {[%emt 0:00:32]} d4 {[%emt 0:01:06]} 25. Rc7 {[%emt 0:01:29]} dxe3 {[%emt 0:00:14]} 26. dxe3 {[%emt 0:00:09]} Rfc8 {[%emt 0:05:30]} 27. Rxc8+ {[%emt 0:02:24]} Rxc8 {[%emt 0:00:02]} 28. Kf2 {[%emt 0:04:36]} Bg4 {[%emt 0:01:02]} 29. Bc4 {[%emt 0:00:42]} Rd8 {[%emt 0:01:42]} 30. g6 {[%emt 0:04:22]} Rd2+ {[%emt 0:00:12]} 31. Ke1 {[%emt 0:00:01]} Rd1+ {[%emt 0:00:20]} 32. Kf2 {[%emt 0:00:02]} Rd2+ {[%emt 0:00:00]} 33. Ke1 {[%emt 0:00:11]} Rd1+ {[%emt 0:01:08]} 34. Kf2 {[%emt 0:00:02]} Rxg1 {[%emt 0:00:13]} 35. gxf7+ {[%emt 0:00:14]} Kxf7 {[%emt 0:00:13]} 36. Bxe6+ {[%emt 0:00:16]} Kf6 {[%emt 0:02:29]} 37. Kxg1 {[%emt 0:00:07]} Nxe3 {[%emt 0:02:20]} 38. Bxg4 {[%emt 0:00:12]} hxg4 {[%emt 0:00:05]} 39. Nh5+ {[%emt 0:01:39]} Kg6 {[%emt 0:00:18]} 40. Ng3 {[%emt 0:00:00]} Kf6 {[%emt 0:00:00]} 41. b4 {[%emt 0:03:06]} Nc2 {[%emt 0:05:52]} 42. Nh5+ {[%emt 0:12:42]} Kg6 {[%emt 0:02:32]} 43. Nf4+ {[%emt 0:00:31]} Kf5 {[%emt 0:00:34]} 44. Nd3 {[%emt 0:03:02]} Ke4 {[%emt 0:01:15]} 45. Nc5+ {[%emt 0:00:09]} Kd5 {[%emt 0:14:26]} 46. Na6 {[%emt 0:00:55]} Kc4 {[%emt 0:06:44]} 47. Kf2 {[%emt 0:02:13]} Nxb4 {[%emt 0:01:12]} 48. Nxb4 {[%emt 0:01:43]} Kxb4 {[%emt 0:00:06]} 49. Kg3 {[%emt 0:00:04]} Ka3 {[%emt 0:00:05]} 50. Kxg4 {[%emt 0:00:03]} Kxa2 {[%emt 0:00:06]} 51. Kg5 {[%emt 0:00:01]} a5 {[%emt 0:00:06]} 52. Kg6 {[%emt 0:00:03]} a4 {[%emt 0:00:04]} 53. Kxg7 {[%emt 0:00:03]} a3 {[%emt 0:00:04]} 54. h5 {[%emt 0:00:02]} Kb1 {[%emt 0:00:05]} 55. h6 {[%emt 0:00:02]} a2 {[%emt 0:00:06]} 56. h7 {[%emt 0:00:01]} a1=Q+ {[%emt 0:00:15]} 57. Kg8 {[%emt 0:00:04]} Kc2 {[%emt 0:00:05]} 58. h8=Q {[%emt 0:01:43]} Qxh8+ {[%emt 0:00:06]} 59. Kxh8 {[%emt 0:00:10]} 1/2-1/2

[Event "79th ARM-ch 1st League 2018"]
[Site "Yerevan"]
[Date "2018.08.17"]
[Round "8"]
[White "Harutyunian, Tigran K"]
[Black "Hoghmrtsyan, Artur"]
[Result "1-0"]
[WhiteElo "2504"]
[BlackElo "2157"]
[Annotator "TA"]
[PlyCount "57"]
[EventDate "2018.08.09"]
[EventType "tourn"]
[EventCountry "ARM"]
[SourceTitle "playchess.com"]
[Source "ChessBase"]
[SourceQuality "1"]

{[%evp 12,57,25,30,27,28,43,40,40,51,94,66,71,66,64,64,52,53,70,52,83,77,114,107,129,143,164,167,267,266,343,327,326,281,478,483,459,477,745,758,765,385,388,391,505,495,510,507]} 1. Nf3 Nf6 2. g3 d5 3. Bg2 e6 4. O-O Nbd7 5. d3 b6 (5... Be7 6. Nbd2 c6 7. e4 Qc7 8. d4 dxe4 9. Ng5 O-O 10. Ndxe4 h6 11. Nxf6+ Nxf6 12. Nf3 Rd8 13. Qe2 b6 {½-½ (61) Harikrishna,P (2665)-Tiviakov,S (2677) Wijk aan Zee 2012}) 6. e4 {A07: Réti Opening: New York and Capablanca Systems} dxe4 7. dxe4 {LiveBook: 3 Games. And now e5 would win.} e5 ({Reject} 7... Nxe4 8. Ng5 $16) 8. Qe2 {White has an edge.} a5 $146 ({Predecessor:} 8... Bc5 9. Be3 Qe7 10. Nc3 O-O 11. Nh4 g6 12. Bg5 Qe6 13. Kh1 a5 14. Nd5 Ba6 15. c4 c6 16. Nxf6+ Nxf6 17. Qf3 Nd7 {½-½ (17) Belkhodja,S (2468)-Jasim,A (2318) Dubai 2005}) 9. Rd1 {Black must now prevent Nxe5!} Ba6 10. c4 {Nxe5! is the strong threat.} Qc8 11. Nc3 c6 12. Bg5 {Strongly threatening Bxf6.} Qc7 13. Rac1 h6 14. Be3 Bc5 15. Na4 Bxe3 16. Qxe3 c5 17. Nh4 O-O 18. Nf5 Rfd8 19. Rd6 {[%cal Bd1d6,Bd6c6,Bc6b6,Bb6b5,Bb5c5][%mdl 32]} Ne8 {[#]} (19... Re8 $142 20. b3 Re6) 20. Rc6 $1 $18 {[%mdl 512]} Qb7 (20... Qxc6 21. Ne7+) 21. Bh3 {[%cal Bg2h3,Bh3d7,Bd7c6,Bc6d5][%mdl 32]} Ra7 22. b3 Qb8 $2 (22... Ndf6 {was necessary.}) 23. Ne7+ Kf8 24. Bxd7 ({Don't take} 24. Nd5 Kg8 $18) 24... Kxe7 (24... Rdxd7 $142 25. Rxb6 Rdb7 26. Rxb7 Qxb7) 25. Rxb6 Qc7 26. Bc6 Rd4 27. Bd5 Bb7 28. Rb5 Nf6 29. Rxc5 {Precision: White = 82%, Black = 35%.} 1-0

[Event "79th ARM-ch 1st League 2018"]
[Site "Yerevan"]
[Date "2018.08.17"]
[Round "8"]
[White "Mikaelyan, Arman"]
[Black "Hayrapetyan, Artavazd R"]
[Result "1-0"]
[WhiteElo "2496"]
[BlackElo "2371"]
[Annotator "TA"]
[PlyCount "53"]
[EventDate "2018.08.09"]
[EventType "tourn"]
[EventCountry "ARM"]
[SourceTitle "playchess.com"]
[Source "ChessBase"]
[SourceQuality "1"]

{[%evp 17,53,-16,-13,-12,0,-8,-10,-14,-28,-31,20,7,18,18,36,17,80,63,47,64,93,23,173,163,203,202,373,354,355,360,604,604,587,592,1051,1051,1051,1022]} 1. Nf3 d5 2. g3 Nf6 3. Bg2 c6 4. c4 dxc4 5. O-O Nbd7 6. Na3 Nb6 7. Qc2 Be6 {A11: English Opening: 1...c6} 8. b3 (8. Ng5 Bg4 9. Nxc4 Bxe2 10. Ne5 Bh5 11. b4 e6 12. b5 Bd6 13. Bb2 Bxe5 14. Bxe5 Bg6 15. Qb3 {½-½ (25) Nepomniachtchi,I (2751)-Karjakin,S (2763) Moscow 2018}) 8... cxb3 9. axb3 g6 {LiveBook: 18 Games. The position is equal.} 10. Bb2 Bg7 11. e4 O-O 12. d4 {[%cal Bd2d4,Bd4d5,Bd5d6][%mdl 32]} Ne8 13. Nc4 {[#]} Nxc4 $146 (13... Nd6 $15) ({Predecessor:} 13... Nd6 14. Ne3 Qc8 15. Ng5 {½-½ (29) Gerasimov,V (2504)-Grigoryev,V (2517) ICCF email 2014}) 14. bxc4 $11 b5 15. cxb5 cxb5 16. d5 Bxb2 (16... Bd7 $1 $11 {keeps the balance.}) 17. Qxb2 $16 Bd7 $1 18. e5 {[%mdl 1024] White has compensation.} a5 19. Ng5 (19. Nd4 $1 $16) 19... f6 {[#]} (19... h6 $11 {and Black is okay.} 20. Nxf7 Rxf7) 20. d6 $1 $36 {[%mdl 2048] Keeping Black busy.} Ra6 21. Bb7 Rb6 $2 (21... Ra7) 22. Bd5+ Kg7 23. Rxa5 {Threatens to win with Ra8.} fxg5 $2 {[#]} (23... Nxd6 24. exd6 Rxd6) 24. Ra8 $1 {[%cal Ra8d8] White is clearly winning.} Qxa8 25. Bxa8 exd6 26. e6+ {[%cal Be5e6,Be6d7][%mdl 32]} Nf6 27. exd7 {Precision: White = 69%, Black = 34%.} 1-0